1373 1787 1522 1173 1394 1752 1289 1674 1910 1815 1711 1031 1427 1841 1643 1136 1725 1308 1718 1317 1323 1366 1123 1636 1713 1710 1975 1006 1694 1308 1695 1352 1368 1667 1142 1197 1052 1078 1603 1208 1164 1740 1660 1541 1594 1690 1295 1709 1703 1749 1359 1311 1510 1587 1103 1429 1714 1407 1916 1728 1799 1799 1460 1756 1884 1007 1451 1655 1708 1075 1037 1078 1674 1126 1435 1098 1272 1327 1405 1896 1588 1532 1221 1000 1428 1740 1580 1218 1305 1844 1198 1974 1840 1203 1383 1533 1000 1009 1251 BCNSPRNW ULIB Ver.6.0+V

เปลี่ยนเป็นภาษาไทย

Change to English
 แสดงรายละเอียดบรรณานุกรม
  กลับหน้าหลัก

Brief Record : Get Marc (ISO 2709) : E-mail record : QR code < ปิดหน้าต่าง
LEADER : 00000nam 2200000uu 4500
001    13399121994
003     ULIB
008    121218s2550||||th 000 0 tha d
020    ^a9749271130
060 04 ^aWG210^bพ553ป 2550
100 0  ^aพันธิตร์ มะลิสุวรรณ
245 10 ^aเป็นโรคหัวใจทำอย่างไรดี /^cพันธิตร์ มะลิสุวรรณ ; ข้อมูลโดยคณะแพทย์ผู้เชี่ยวชาญด้านการบำบัดและรักษาโรคหัวใจ ; บรรณาธิการ, พิสสม เอนกสุข
250    ^aพิมพ์ครั้งที่ 1
260    ^aกรุงเทพฯ :^bอิมเมจิมีเดีย,^c2550
300    ^a185 หน้า :^bภาพประกอบ ;^c21 ซม.
650  7 ^aหัวใจ, โรค
700 0  ^aพิสสม เอนกสุข,^eบรรณาธิการ
945    ^p0^l0^i14815
995    ^aกัณชพร
999 ^a ใช้งานได้ทุกระบบ
รายการนี้ยังไม่มีแท็ก
คุณยังไม่ได้ล็อกอิน คุณสามารถมีกิจกรรมร่วมกับเว็บไซต์ได้ แต่ต้องล็อกอินก่อน ::
  ล็อกอิน

รายการสื่อสารสนเทศ

ลำดับที่ ประเภท เลขเรียก/บาร์โค้ด สถานที่ สถานะ
1. วิทยาศาสตร์การแพทย์ และสุขภาพ
วิทยาศาสตร์การแพทย์ และสุขภาพ
WG210 พ553ป 2550  
  Barcode: 14815
ห้องสมุดวิทยาเขตสวรรค์ประชารักษ์
►ส่วนจัดเก็บหนังสือเก่า สปร
บนชั้น
  ขอยืม

รายการใกล้เคียง
    ผู้แต่ง [พันธิตร์ มะลิสุวรรณ]

    หัวเรื่อง [หัวใจ, โรค]

BibComment


ยังไม่เคยถูกคอมเมนท์

คอมเมนท์ทรัพยากรรายการนี้
  คอมเมนท์: เป็นโรคหัวใจทำอย..


 Copyright 2026. Bcnsprnw @Library